000
00335nam a22001457a 4500
008
221010b ||||| |||| 00| 0 eng d
020
_a
9780155188884
041
_a
eng
080
_2
FIFTH EDITION
_a
330.101
082
_a
330.101 GWA
100
_a
23.1
101
_a
MAKRO
245
_a
MACROECONOMICS
_c
GWARTNEY J
942
_2
udc
_c
BK
999
_c
58447
_d
58447